• 首页
  • 本馆介绍
  • 公告通知
  • 最新文献
  • 馆藏检索
  • 电子资源
  • 读者导购
  • 参考咨询
  • 我的图书馆
  • 登录
  • 详细信息显示
  • 放入我的书架
  • 预约/预借图书
  • 作者相关作品
  • 分类相关作品
  • 丛书相关作品
  • 出版社相关作品

书目信息

  • 表格格式
  • 工作单格式
  • 卡片格式
题名:
欧几里得几何原本
    
 
作者: 欧几里得 著 ;兰纪正 , 朱恩宽 译
分册:  
出版信息: 西安   陕西科学技术出版社  2003
页数: 15,673页
开本: 20cm
丛书名:
单 册:
中图分类: O181 , O18
科图分类:
主题词: 欧氏几何
电子资源:
ISBN: 7-5369-0357-X
000 01043nam0 2200289 450
001 1575168110
005 20150118210505.73
010    @a7-5369-0357-X@b精装@dCNY48.00
100    @a20031114d2003 em y0chiy50 ea
101 1  @achi@beng@cgre
102    @aCN@b610000
105    @aa---z---000yy
200 1  @a欧几里得几何原本@9ou ji li de ji he yuan ben@f[古希腊]欧几里得著@g兰纪正,朱恩宽译
205    @a2版
210    @a西安@c陕西科学技术出版社@d2003
215    @a15,673页@c图@d20cm
330    @a本书共分为十三卷。给出了23个定义、5个公设和5个公理;书中包含诸多命题,即讨论圆、弦、切线、圆周角、内接四边形及与圆有关的图形,圆内接与外切三角形、正方形的研究等。
500 00 @a欧几里得几何原本
510 1  @aThe Thirteen Books of Euclid's Elements@zeng
606 0  @a欧氏几何
690    @aO181@v5
690    @aO18@v4
701  0 @c(古希腊)@a欧几里得@9ou ji li de@c(Euclid@f约公元前330~前275)@4著
702  0 @a兰纪正@9lan ji zheng@4译
702  0 @a朱恩宽@9zhu en kuan@4译
801  0 @aCN@bTSSF@c20150118
905    @aZUCC@dO18@eJY153=2
    
    欧几里得几何原本/[古希腊]欧几里得著/兰纪正,朱恩宽译.-2版.-西安:陕西科学技术出版社,2003
    15,673页:图;20cm
    
    
    ISBN 7-5369-0357-X(精装):CNY48.00
    本书共分为十三卷。给出了23个定义、5个公设和5个公理;书中包含诸多命题,即讨论圆、弦、切线、圆周角、内接四边形及与圆有关的图形,圆内接与外切三角形、正方形的研究等。
●
相关链接 在E读中查询图书 在五车中查询图书 在当当中查询图书 在豆瓣中查询图书


正题名:欧几里得几何原本     索取号:O18/JY153=2         预约/预借

序号 登录号 条形码 馆藏地/架位号 状态 备注
1 7848017   278480172   学院路分馆/ [索取号:O18/JY153=2] 在馆    
2 7848019   278480190   学院路分馆/ [索取号:O18/JY153=2] 在馆    
3 7848020   278480207   学院路分馆/ [索取号:O18/JY153=2] 在馆    
唐山师范学院图书馆 欢迎您!
大连网信软件有限公司© 版权所有